| 000 | 00982cam a22003255a 4500 | ||
|---|---|---|---|
| 001 | 4715890 | ||
| 003 | EG-ScBUE | ||
| 005 | 20220821135109.0 | ||
| 008 | 831207t1984 enka f b 001 0 eng d | ||
| 020 | _a0262121069 | ||
| 020 | _a9780262121064 | ||
| 040 |
_aDLC _beng _erda _cDLC _dDLC _dEG-ScBUE |
||
| 082 | 0 | 4 |
_a720.28 _bLYN _222 |
| 100 | 1 |
_aLynch, Kevin, _d1918-1984, _eauthor. |
|
| 245 | 1 | 0 |
_aSite planning / _cKevin Lynch, Gary Hack. |
| 250 | _aThird edition. | ||
| 264 | 1 |
_aCambridge : _bThe Mit Press, _c[1984] |
|
| 264 | 4 | _cc1984 | |
| 300 |
_avii, 499 pages : _billustrations ; _c24 cm |
||
| 336 |
_2rdacontent _atext _btxt |
||
| 337 |
_2rdamedia _aunmediated _bn |
||
| 338 |
_2rdacarrier _avolume _bnc |
||
| 504 | _aIncludes bibliographical references and index. | ||
| 650 | 7 |
_aBuilding sites _xPlanning. _2BUEsh |
|
| 651 | _2BUEsh | ||
| 653 |
_bENGGEN _bENGARC _cDecember2017 |
||
| 655 |
_vReading book _934232 |
||
| 700 | 1 |
_aHack, Gary, _eauthor. |
|
| 942 |
_2ddc _cBB |
||
| 999 |
_c25711 _d25683 |
||